Premier League Appearances by Nationality: Italy - Statistics

General Stats
  • This quiz has been taken 19 times
  • The average score is 4 of 10
Answer Stats
Appearances Player % Correct
229 Gianfranco Zola
94%
190 Paolo Di Canio
53%
201 Angelo Ogbonna
47%
161 Carlo Cudicini
41%
196 Jorginho
41%
111 Fabio Borini
29%
122 Emerson
24%
119 Roberto Di Matteo
24%
149 Alessandro Pistone
6%
177 Benito Carbone
6%
No matching quizzes found
Score Distribution
Percent of People with Each Score
Percentile by Number Answered
Your Score History
You have not taken this quiz